A guide to the national parks of America (Record no. 6340)

MARC details
000 -CABECERA
campo de control de longitud fija 00728nam a2200229 a 4500
001 - NÚMERO DE CONTROL
campo de control BRCA_6656
005 - FECHA Y HORA DE LA ÚLTIMA TRANSACCIÓN
campo de control 20190320205538.0
008 - DATOS DE LONGITUD FIJA--INFORMACIÓN GENERAL
campo de control de longitud fija 111011s1915----nyuab#####---#000-0#eng-#
041 ## - CÓDIGO DE LENGUA
Código de lengua del texto/banda sonora o título independiente eng
044 ## - CÓDIGO DEL PAÍS DE LA ENTIDAD EDITORA/PRODUCTORA
Código MARC del país nyu
050 #4 - SIGNATURA TOPOGRÁFICA DE LA BIBLIOTECA DEL CONGRESO
Número de clasificación E160
Número de documento/Ítem .G84 1915
245 10 - MENCIÓN DE TÍTULO
Título A guide to the national parks of America
Mención de responsabilidad, etc. compiled and edited by Edward Frank Allen.
260 ## - PUBLICACIÓN, DISTRIBUCIÓN, ETC.
Lugar de publicación, distribución, etc. Nueva York
Nombre del editor, distribuidor, etc. McBride, Nast & Co
Fecha de publicación, distribución, etc. 1915
300 ## - DESCRIPCIÓN FÍSICA
Extensión 286 p.
Otras características físicas il., mapas
Dimensiones 16 cm.
500 ## - NOTA GENERAL
Nota general L164
650 14 - PUNTO DE ACCESO ADICIONAL DE MATERIA--TÉRMINO DE MATERIA
Término de materia o nombre geográfico como elemento de entrada Parques nacionales
Subdivisión geográfica Estados Unidos
9 (RLIN) 16662
650 14 - PUNTO DE ACCESO ADICIONAL DE MATERIA--TÉRMINO DE MATERIA
Término de materia o nombre geográfico como elemento de entrada Parques nacionales
Subdivisión geográfica Canada
9 (RLIN) 16663
651 #4 - PUNTO DE ACCESO ADICIONAL DE MATERIA--NOMBRE GEOGRÁFICO
Nombre geográfico Estados Unidos
Subdivisión de forma Guía de viajeros
Subdivisión general Descripción y viajes
9 (RLIN) 16664
700 1# - PUNTO DE ACCESO ADICIONAL--NOMBRE DE PERSONA
Nombre de persona Allen, Edward Frank
Término indicativo de función/relación comp.
9 (RLIN) 16665
902 ## - CATALOGADOR
Iniciales GFM
942 ## - ELEMENTOS DE PUNTO DE ACCESO ADICIONAL (KOHA)
Fuente del sistema de clasificación o colocación Library of Congress Classification
Tipo de ítem Koha Libros
Holdings
Estado de retiro Estado de pérdida Estado dañado No para préstamo Localización permanente Ubicación/localización actual Fecha de adquisición Número de inventario Total de préstamos Signatura topográfica completa Código de barras Fecha visto por última vez Precio válido a partir de Tipo de ítem Koha
El ejemplar forma parte de la colección y puede ser consultado según las políticas vigentes.       Biblioteca del Museo Franz Mayer (Rogerio Casas-Alatriste) Biblioteca del Museo Franz Mayer (Rogerio Casas-Alatriste) 11/10/2011 L164   E160 .G84 1915 (L164) 7104 22/03/2019 22/03/2019 Libros